|
|
|
|
| LEADER |
00928cam a2200229 7i4500 |
| 001 |
0000021450 |
| 005 |
20081201090000.0 |
| 020 |
0 |
0 |
|a 978-967-99911-7-8
|
| 090 |
0 |
0 |
|a M 339.9595
|b MAL
|
| 245 |
0 |
0 |
|a Kajian separuh penggal rancangan Malaysia kesembilan 2006-2010.
|
| 260 |
0 |
0 |
|a Putrajaya:
|b Unit Perancang Ekonomi, Jabatan Perdana Menteri,
|c 2008.
|
| 300 |
# |
# |
|a 128 p.
|
| 650 |
0 |
0 |
|a Malaysia --
|x Economic conditions
|
| 650 |
0 |
0 |
|a Malaysia --
|x Economic policy
|
| 650 |
0 |
0 |
|a Economic planning --
|z Malaysia
|
| 651 |
0 |
0 |
|a Malaysia
|
| 999 |
|
|
|a JHR000074H
|b Book
|c Malaysia
|e MATRADE Southern Regional Office
|
| 999 |
|
|
|a 0000022678
|b Book
|c Malaysia
|e Business Information Centre
|
| 999 |
|
|
|a PNG000771H
|b Book
|c Malaysia
|e MATRADE Northern Regional Office
|
| 999 |
|
|
|a SBH000750H
|b Book
|c Malaysia
|e MATRADE Sabah
|
| 999 |
|
|
|a SRW000177H
|b Book
|c Malaysia
|e MATRADE Sarawak
|
| 999 |
|
|
|a TRG000004H
|b Book
|c Malaysia
|e MATRADE Eastern Regional Office
|